| 000 | 00966cam a22002775a 4500 | ||
|---|---|---|---|
| 001 | 017104239 | ||
| 003 | OSt | ||
| 005 | 20160511145736.0 | ||
| 008 | 150129t2016 moua frb 001 0 eng d | ||
| 020 | _a9780723438090 (hbk.) | ||
| 040 |
_aStDuBDS _beng _cStDuBDS _dEG-ScBUE |
||
| 082 | 0 | 4 |
_a617.69 _222 _bFUN |
| 245 | 0 | 0 |
_aFunctional occlusion in restorative dentistry and prosthodontics / _cedited by Iven Klineberg, Steven Eckert ; foreword by George Zarb. |
| 260 |
_aMissouri : _bElsevier / Mosby, _cc.2016. |
||
| 300 |
_axi, 270 p. : _bill. ; _c25 cm. |
||
| 500 | _aIndex : p. 263-270. | ||
| 504 | _aIncludes bibliographical references. | ||
| 650 | 7 |
_aOcclusion (Dentistry) _2BUEsh _930237 |
|
| 650 | 7 |
_aProsthodontics _2BUEsh |
|
| 651 | _2BUEsh | ||
| 653 |
_bDDent _cMarch2016 _cMay2016 |
||
| 700 | 1 |
_aEckert, Steven E., _eeditor. _932438 |
|
| 700 | 1 |
_aKlineberg, Iven, _eeditor. |
|
| 700 | 1 |
_aZarb, George, _eauthor of introduction, etc. _932436 |
|
| 942 | _2ddc | ||
| 999 |
_c21546 _d21518 |
||